| 000 | 00563nam a2200193Ia 4500 | ||
|---|---|---|---|
| 005 | 20250508164507.0 | ||
| 008 | 008 250505s9999 xx 000 0 eng d | ||
| 037 | _aTextual | ||
| 040 |
_aFEDL _beng _cFEDL |
||
| 041 |
_aeng _2eng |
||
| 084 |
_a306.874, MIL _qFEDL |
||
| 100 | _aMiles Rosalind | ||
| 245 | 0 | _aChildren we deserve : Love and hate in the making of the family | |
| 260 |
_aLondon, UK _bHarper Colins Publishers _c1995 |
||
| 300 | _axiv,305p. | ||
| 365 |
_aGBP _b3.95 |
||
| 942 |
_cTEXL _h306.874, MIL |
||
| 999 |
_c1389408 _d1389408 |
||